000 00363nam a22001577a 4500
003 OSt
008 240410b |||||||| |||| 00| 0 eng d
020 _a9798891867321
082 _a158.1
_bLIA
100 _aLIBRARY, Mindset Pub
245 _aThe Art of Laziness
250 _a1st Ed
260 _bLibrary Mindset Pub
_c2023
300 _a110
942 _2ddc
_cBK
999 _c12426
_d12426